| 000 | 00902nas a2200289 4500 | ||
|---|---|---|---|
| 001 | BR0901920 | ||
| 003 | BR-BrBNA | ||
| 005 | 20231205112640.0 | ||
| 007 | ta | ||
| 008 | 230509b bl.|||p| |||| 00| 00por d | ||
| 040 |
_aBR-BrBNA _bpor _cBiblioteca Nacional de Agricultura |
||
| 072 | _aQ04 | ||
| 100 | 1 | _aMantilha, S.P.S. | |
| 100 | 1 | _aFranco, R.M. | |
| 100 | 1 | _aOliveira, L.A.T. | |
| 100 | 1 | _aGouvêa, R. | |
| 100 | 1 | _aSantos, E.B. | |
| 245 | 1 | _aCommparação entre a eficiência de três meios de plaqueamento, para isolamento de Listeria spp., a partir de carne moída | |
| 650 | _aCARNE | ||
| 650 | _aHAMBURGER | ||
| 650 | _aANÁLISE QUÍMICA | ||
| 650 | _aPROFILAXIA | ||
| 650 | _aRIO DE JANEIRO | ||
| 773 | 0 |
_tHigiene Alimentar (Brazil) _xISSN 0101-9171 _g(Nov-Dec 2008), v. 22(166-167) p. 166-171 _wBR0901920 |
|
| 909 |
_a202311 _bLúcia _c55 _dLúcia Elande |
||
| 942 |
_2AGRIS _n0 _cANA |
||
| 999 |
_c199169 _d199169 |
||